|
|
|
|
| LEADER |
01129nam a2200277 a 4500 |
| 001 |
15551622 |
| 008 |
100222r20102009 ne a 001 0 eng d |
| 010 |
|
|
|a 2008053057
|
| 020 |
|
|
|a 9780123704832 (hardcover : alk. paper)
|
| 020 |
|
|
|a 0123704839 (hardcover : alk. paper)
|
| 020 |
|
|
|a 9788190935685
|
| 040 |
|
|
|a DLC
|c DLC
|d BTCTA
|d YDXCP
|d C#P
|d BWX
|d DLC
|d BD-DhAAL
|
| 082 |
0 |
0 |
|a 519.2
|2 22
|
| 100 |
1 |
|
|a Ross, Sheldon M.
|
| 245 |
1 |
0 |
|a Introduction to probability and statistics for engineers and scientists /
|c Sheldon M. Ross.
|
| 250 |
|
|
|a 4th ed.
|
| 260 |
|
|
|a Amsterdam ;
|a Boston :
|b Academic Press/Elsevier, ;
|a New Delhi :
|b Reed Elsevier India,
|c c2009 [Reprinted 2010]
|
| 300 |
|
|
|a xv, 664 p. :
|b ill. (some col.) ;
|c 25 +
|e 1 CD-ROM (4 3/4 in.)
|
| 500 |
|
|
|a Includes index.
|
| 541 |
1 |
|
|e 00019822
|
| 650 |
|
0 |
|a Probabilities.
|
| 650 |
|
0 |
|a Mathematical statistics.
|
| 852 |
4 |
|
|a Ayesha Abed Library
|j General shelf
|
| 942 |
0 |
0 |
|0 1
|
| 999 |
|
|
|c 7657
|d 7657
|
| 952 |
|
|
|0 0
|1 0
|2 ddc
|4 0
|6 519_200000000000000_ROS_2010
|7 0
|9 8382
|a BRACUL
|b BRACUL
|c GEN
|d 2010-02-22
|l 27
|m 140
|o 519.2 ROS
|p 3010019822
|r 2026-03-28
|s 2026-02-02
|t 1
|w 2010-02-22
|y BK
|